<?xml version="1.0" encoding="UTF-8"?>
<record
    xmlns:xsi="http://www.w3.org/2001/XMLSchema-instance"
    xsi:schemaLocation="http://www.loc.gov/MARC21/slim http://www.loc.gov/standards/marcxml/schema/MARC21slim.xsd"
    xmlns="http://www.loc.gov/MARC21/slim">

  <leader>01056nac a2200301 a 4500</leader>
  <controlfield tag="003">CO-PeBPM</controlfield>
  <controlfield tag="005">20260428082308.0</controlfield>
  <controlfield tag="007">ta</controlfield>
  <controlfield tag="008">260428s1985    ck  |||| |||| 00| 0 spa d</controlfield>
  <datafield tag="020" ind1=" " ind2=" ">
    <subfield code="a">8459907716</subfield>
  </datafield>
  <datafield tag="040" ind1=" " ind2=" ">
    <subfield code="a">CO-PeBPM</subfield>
    <subfield code="b">spa</subfield>
    <subfield code="c">CO-PeBPM</subfield>
    <subfield code="e">rda</subfield>
  </datafield>
  <datafield tag="041" ind1=" " ind2=" ">
    <subfield code="a">spa</subfield>
  </datafield>
  <datafield tag="082" ind1="0" ind2="4">
    <subfield code="a">182.4 H531s</subfield>
    <subfield code="2">22</subfield>
  </datafield>
  <datafield tag="100" ind1="1" ind2=" ">
    <subfield code="a">Her&#xE1;clito</subfield>
    <subfield code="e">autor</subfield>
  </datafield>
  <datafield tag="245" ind1="1" ind2="0">
    <subfield code="a">La sabidur&#xED;a presocr&#xE1;tica</subfield>
    <subfield code="c"> / Her&#xE1;clito, Parm&#xE9;nides, Emp&#xE9;docles; traducci&#xF3;n Matilde del Pino</subfield>
  </datafield>
  <datafield tag="264" ind1=" " ind2=" ">
    <subfield code="a">Madrid, Espa&#xF1;a</subfield>
    <subfield code="b">: Sarpe</subfield>
    <subfield code="c">, 1985</subfield>
  </datafield>
  <datafield tag="300" ind1=" " ind2=" ">
    <subfield code="a">199 p&#xE1;ginas</subfield>
    <subfield code="c">18 cm.</subfield>
  </datafield>
  <datafield tag="336" ind1=" " ind2=" ">
    <subfield code="2">rdacontent</subfield>
    <subfield code="a">texto</subfield>
    <subfield code="b">txt</subfield>
  </datafield>
  <datafield tag="337" ind1=" " ind2=" ">
    <subfield code="2">rdamedia</subfield>
    <subfield code="a">sin mediaci&#xF3;n</subfield>
    <subfield code="b">n</subfield>
  </datafield>
  <datafield tag="338" ind1=" " ind2=" ">
    <subfield code="2">rdacarrier</subfield>
    <subfield code="a">volumen</subfield>
    <subfield code="b">nc</subfield>
  </datafield>
  <datafield tag="490" ind1=" " ind2=" ">
    <subfield code="a">Los grandes pensadores</subfield>
    <subfield code="v">75</subfield>
  </datafield>
  <datafield tag="500" ind1=" " ind2=" ">
    <subfield code="a">Incluye &#xED;ndice al final del texto</subfield>
  </datafield>
  <datafield tag="600" ind1="1" ind2="7">
    <subfield code="a">Heraclito de Efeso , 540-455? - Pensamiento filos&#xF3;fico </subfield>
  </datafield>
  <datafield tag="600" ind1=" " ind2=" ">
    <subfield code="a"> Parm&#xE9;nides de Elea , 540 a.C.-470 a.C. - Pensamiento filos&#xF3;fico</subfield>
  </datafield>
  <datafield tag="600" ind1=" " ind2=" ">
    <subfield code="a">Emp&#xE9;docles , 490-430 a de J. C. - Pensamiento filos&#xF3;fico</subfield>
  </datafield>
  <datafield tag="700" ind1="1" ind2=" ">
    <subfield code="a">Pino, Matilde del</subfield>
    <subfield code="e">traducci&#xF3;n</subfield>
  </datafield>
  <datafield tag="942" ind1=" " ind2=" ">
    <subfield code="2">ddc</subfield>
    <subfield code="n">0</subfield>
    <subfield code="c">BK</subfield>
  </datafield>
  <datafield tag="952" ind1=" " ind2=" ">
    <subfield code="0">0</subfield>
    <subfield code="1">0</subfield>
    <subfield code="2">ddc</subfield>
    <subfield code="4">0</subfield>
    <subfield code="7">0</subfield>
    <subfield code="8">GEN</subfield>
    <subfield code="a">BRC</subfield>
    <subfield code="b">BRC</subfield>
    <subfield code="c">GEN</subfield>
    <subfield code="d">2007-04-28</subfield>
    <subfield code="e">Donaci&#xF3;n</subfield>
    <subfield code="l">0</subfield>
    <subfield code="o">182.4 H531s</subfield>
    <subfield code="p">45885</subfield>
    <subfield code="r">2026-04-28 08:22:02</subfield>
    <subfield code="t">Ej. 1</subfield>
    <subfield code="w">2026-04-28</subfield>
    <subfield code="y">BK</subfield>
  </datafield>
  <datafield tag="999" ind1=" " ind2=" ">
    <subfield code="c">107353</subfield>
    <subfield code="d">107353</subfield>
  </datafield>
</record>
